000 02121 a2200313 4500
999 _c331125
_d331125
003 NUST
005 20180118110450.0
008 170915b xxu||||| |||| 00| 0 eng d
020 _a978-93-325-5044-5
040 _aDLC
_bDLC
_cSNS
082 0 0 _a537.6 GRI
100 1 _aGriffiths, David J.
_94605
245 1 0 _aIntroduction to Electrodynamics
_cDavid J. Griffiths.
250 _a4th ed.
260 _aNew Delhi :
_bPearson Education,
_cc2017.
300 _a604 p. :
_bill. ;
650 0 _aElectrodynamics.
_94606
942 _cBK
_k537.6 GRI
_2ddc
_e4th Ed